000 00692nam a2200157 a 4500
008 120416s1967 ||||||||||||||||| || u
050 _aHM 66 Soc
100 _aMalpass, Leslie F
245 1 0 _aSocial behavior
_cedited by Leslie F. Malpass
246 _aa program for self-instruction
260 _aNew York
_bMcGraw-Hill
_c1967
300 _axix, 491p. : ill
350 _a0.00
995 _aANNEX COLLECTION (Main Library)
_D0.00
_e040896
_FCBU-MAIN LIBRARY (Kitwe)
_H2
_I0.00
_jHM 66 Soc
_M1
_UAVAILABLE
_y008694
_ZAnnex Low-Usage Collection
995 _aMAIN LIBRARY OPEN ACCESS
_D0.00
_e54210
_FCBU-MAIN LIBRARY (Kitwe)
_H1
_I0.00
_jHM 66 Soc
_M2
_UAVAILABLE
_y008695
_ZMain Library Open Access Collection
999 _c76570
_d76570